Gods and myths of Ancient Egypt /

محفوظ في:

المؤلف الرئيسي: Armour, Robert A. (مؤلف)

التنسيق: كتاب

اللغة: English

منشور في: Cairo : American University in Cairo Press, c1986.

الموضوعات:

الوسوم: إضافة وسم

لا توجد وسوم, كن أول من يضع وسما على هذه التسجيلة!

رقم الطلب: BL2450 .G6 A75 1986

LEADER 00758nam a22002297a 4500
003 OSt
005 20251006070014.0
008 231212s1986 ua a b 001 0 eng d
020 |a 9774241134 
040 |c ARCE Library 
043 |a f-ua--- 
050 4 |a BL2450 .G6 A75 1986 
100 1 |a Armour, Robert A.,  |e author  |9 25628 
245 1 0 |a Gods and myths of Ancient Egypt /  |c Robert A. Armour ; with the research assistance of Alison Baker. 
264 1 |a Cairo :   |b American University in Cairo Press,   |c c1986. 
300 |a 207 pages :   |b illustrations ;   |c 21 cm. 
504 |a Includes bibliographical references (pages 199-202) and index. 
650 0 |a Gods, Egyptian. 
650 0 |a Mythology, Egyptian. 
901 |a reviewed 
942 |c BK  |2 lcc 
999 |c 55075  |d 55075